| 000 | 00362pam a2200157 a 4500 | ||
|---|---|---|---|
| 020 | _c | ||
| 041 | _h | ||
| 082 | _a621 | ||
| 100 |
_aVIRKAR K B _eAuthor |
||
| 245 |
_aTHE LITTLE MODERN DICTIONARY ENG-ENG-MARATHI _cVIRKAR K B _hTextual Documents |
||
| 260 |
_aPune _bANMOL PUB |
||
| 300 | _a1180 | ||
| 653 | _aGernal | ||
| 700 | _eCo-Author | ||
| 930 | _a5061 | ||
| 999 |
_c232458 _d232458 |
||